High School Mascot - Statistics

General Stats
  • This quiz has been taken 62 times
  • The average score is 46 of 140
Answer Stats
Hint Answer % Correct
Andrew Pinzone Tigers
79%
Aidan Fox | Cole Warms | Colin Stalker | +8 others Eagles
77%
Matt Fluchel Lions
62%
Aidan Nee | Cole Fenton | Johny DelBorello | +4 others Panthers
62%
Brendan Sisson | Harry Swindal | Luis Cenza | Matt Hernandez Hawks
51%
Ayden Tyler | Chuck Kinzie | Cole Ellis | +4 others Knights
51%
Anthony Ramunno | Brady Gipson | Cade Vorhees | +3 others Warriors
51%
Luke Schultz | Nick Sherrer Falcons
49%
Blake Wild | Dylan Baker | Ethan Rumpel | +3 others Vikings
49%
Aidan McNamara | Davis Groome Wildcats
49%
Christian Antunes | Jacob Oliveri | Vinny Carrollo Bears
44%
Chris King | Ian Rady Spartans
41%
Michael Phillips Jaguars
38%
Luca Cerelli Pirates
38%
James Vasillakos | Matt Perez | Mike Lobifaro | +2 others Hornets
36%
Eddie Rafalowski Bucks
33%
Matt Gannon Bulls
33%
Justin Jaworski | Vincent Bastone Indians
33%
Nick Chimienti Jets
33%
Jack Vitella Cardinals
31%
Aidan Spahn | Reed Williams Cougars
31%
Brian Bauman | Chris Panchley | Liam Bernens Hilltoppers
31%
Nate Flury | Trevor Grams Mustangs
31%
Jacob Handler | Michael Mayo Bobcats
28%
Ford Munnerlyn Dragons
28%
Cole Geary | Max Weingarten Minutemen
26%
Jack Haughey | Justin Walsh Dutchmen
23%
Charlie Stoker | Devin Cuviello | Reese Davis Cavaliers
21%
Marc DeJesus | Preston Johnson Chiefs
21%
Mike DeRosa | Thomas Gibson Colts
21%
Connor Kiernan | Ray Ferrigno Golden Knights
21%
Aidan Alvarez | Oskar Cardenas Green Knights
21%
Angelo Feliberty | Jesus Mingorance Seahawks
21%
Kade Platt Trojans
21%
Anton Lingeman | Freddy Truncale Highlanders
18%
Braeden Weeks Lakers
18%
Nate Durkin Mavericks
18%
Stephen Lombardo Rockets
18%
Tony Jaime Black Knights
15%
Nico Trocolar Braves
15%
Alex Benjamen Ironmen
15%
Jacob Sattley | Rishi Desai Marauders
15%
Tyler Ruiz Mr. Gutenberg
15%
Joe Morley Stags
15%
Aidan Sivore | Jake Murray | Owen Heine Blue Streaks
13%
Reece Rakouskas Flyers
13%
Kyle Beaman Quakers
13%
Matt Fay Blue Wave
10%
Nolan Sevillano Gaels
10%
Walker Johnston Hoyas
10%
Harrison Curtis Magicians
10%
Evan Marino | Mack Edmunds | Sam Edmunds Pioneers
10%
Devon Brysgel Raptors
10%
Andrew Nguyen Red Devils
10%
Camden Reiland Scarlet Knights
10%
Rob Rengifo Terriers
10%
AJ Myers | Kevin Mastracchio Colonials
8%
Ben Bowen Commandos
8%
Kevin Carmichael Guardians
8%
Jake Sachtleben | Luke Terry | Simon Medina Saxons
8%
Garrett Sturcken Scots
8%
Jake Combs Tuskers
8%
Dean Burch Barons
5%
Jake Doemel Brothers
5%
Evan Serkin Copperheads
5%
Eddie Dunlap Cutters
5%
Thomas Krayewski Kingsmen
5%
Angus Van Hamburg Mounties
5%
Ryan Mazzuchin Seawolves
5%
Cutter Frost Wreckers
5%
Jack Cassidy Celts
3%
Aidan Bermeo Hillbillies
3%
No matching quizzes found
Score Distribution
Percent of People with Each Score
Percentile by Number Answered
Your Score History
You have not taken this quiz